• 首页
  • 本馆介绍
  • 公告通知
  • 最新文献
  • 馆藏检索
  • 电子资源
  • 读者导购
  • 参考咨询
  • 我的图书馆
  • 登录
  • 详细信息显示
  • 放入我的书架
  • 预约/预借图书
  • 作者相关作品
  • 分类相关作品
  • 丛书相关作品
  • 出版社相关作品

书目信息

  • 表格格式
  • 工作单格式
  • 卡片格式
题名:
债务追偿不可不知160问
    
 
作者: 贺康 , 霍斯扬 编著 ;法律出版社 编
分册:  
出版信息: 北京   法律出版社  2014
页数: 268页
开本: 24cm
丛书名: 法律生活常识全知道系列丛书
单 册:
中图分类: D923.34
科图分类:
主题词: 债务--经济纠纷--处理--基本知识--中国 , 债务 , 经济纠纷
电子资源:
ISBN: 978-7-5118-5785-9
000 01192oam2 2200301 450
001 523
005 20140908084952.53
010    @a978-7-5118-5785-9@dCNY39.00
100    @a20140626d2014 em y0chiy50 ea
101 0  @achi
102    @aCN@b110000
105    @ay z 000yy
106    @ar
200 1  @a债务追偿不可不知160问@AZhai Wu Zhui Chang Bu Ke Bu Zhi 160 Wen@f贺康,霍斯洋编著@FHe Kang, Huo Si Yang Bian Zhu@g法律出版社专业出版编委会编
210    @a北京@c法律出版社@d2014
215    @a268页@d24cm
225 2  @a法律生活常识全知道系列丛书@v13
330    @a本书分为四个部分,先从预防着手,帮读者识别身边存在的法律风险。之后,通过对诉讼程序的介绍,让读者明白怎样参与诉讼才能最有效维护自身权益。特别是在执行篇中,在让读者全面认知执行程序的同时,通过具体的案例展示如何正确选择程序来维护实体权益。
461  0 @12001 @a法律生活常识全知道系列丛书
606 0  @a债务@x经济纠纷@x处理@x基本知识@y中国
606 0  @a债务
606 0  @a经济纠纷
690    @aD923.34@v5
701  0 @a贺康@AHe Kang@4编著
701  0 @a霍斯扬@AHuo Si Yang@4编著
712 02 @a法律出版社@AFa Lu^ Chu Ban She@b专业出版编委会@4编
801  0 @aCN@bTANGWEI@c20140603
905    @b0841997-99@dD923.34@e1192@f3
    
    债务追偿不可不知160问/贺康,霍斯洋编著/法律出版社专业出版编委会编.-北京:法律出版社,2014
    268页;24cm.-(法律生活常识全知道系列丛书;13)
    
    
    ISBN 978-7-5118-5785-9:CNY39.00
    本书分为四个部分,先从预防着手,帮读者识别身边存在的法律风险。之后,通过对诉讼程序的介绍,让读者明白怎样参与诉讼才能最有效维护自身权益。特别是在执行篇中,在让读者全面认知执行程序的同时,通过具体的案例展示如何正确选择程序来维护实体权益。
●
相关链接 在E读中查询图书 在五车中查询图书 在当当中查询图书 在豆瓣中查询图书


正题名:债务追偿不可不知160问     索取号:D923.34/1192         预约/预借

序号 登录号 条形码 馆藏地/架位号 状态 备注
1 0841997   208419978   第一样本阅览室/ [索取号:D923.34/1192] 在馆    
2 0841998   208419987   第一借阅区/ [索取号:D923.34/1192] 在馆    
3 0841999   208419996   密集书库-史法系/ [索取号:D923.34/1192] 在馆    
唐山师范学院图书馆 欢迎您!
大连网信软件有限公司© 版权所有